00612nam a2200169Ia 4500008004100000082001600041100001900057245005300076260002900129300001200158500002400170650001600194942000700210952010400217952010400321999001700425230524s9999 xx 000 0 und d a543.24bAMB aAshok Ambardar 0aDigital Signal Processing: A Modern Introduction aNEW DELHIbCengagec2011 aXVI;591 aQuantity Number: 2 aElectronics cBK 00104070aTATCLbTATCLcGENd2023-05-24l0o543.24 AMBp41714r2023-05-24w2023-05-24yBKzBE2104 00104070aTATCLbTATCLcGENd2023-05-24l0o543.24 AMBp41715r2023-05-24w2023-05-24yBKzBE2104 c48777d48777